| 000 | 01111cam a22002771i 4500 | ||
|---|---|---|---|
| 003 | SA-RiAUC | ||
| 005 | 20250321145029.0 | ||
| 008 | 250320s1999 su g f0001e ara c | ||
| 020 | _a9960034763 | ||
| 040 |
_aSA-TaTU _bara _cSA-RiAUC _erda |
||
| 082 | 0 | 4 |
_a814.9531 _qSA-RiAUC |
| 090 |
_a814.9531 _b ت و ف |
||
| 100 | 1 |
_aتوفيق، محمد عمر، _d1337-1414 هجري _eمؤلف. |
|
| 245 | 1 | 0 |
_aتأملات وذكريات / _cمحمد عمر توفيق. |
| 250 | _aالطبعة الأولى. | ||
| 264 | 1 |
_aمكة المكرمة : _bجامعة أم القرى، _c1999 |
|
| 300 |
_a402 صفحة ؛ _c24 سم. |
||
| 336 |
_aنص _btxt _2rdacontent _3كتاب |
||
| 337 |
_aبدون وسيط _bn _2rdamedia |
||
| 338 |
_aمجلد _bnc _2rdacarrier |
||
| 490 | 1 |
_aالأعمال الأدبية الكاملة ؛ _v2 |
|
| 650 | 7 |
_aالأدب العربي _zالسعودية _yقرن 14 هجري _vمقالات ومحاضرات _2aucsh |
|
| 830 | 2 |
_aالأعمال الأدبية الكاملة (جامعة أم القرى) _v2 |
|
| 942 |
_2ddc _cBOOK _n0 |
||
| 949 |
_aSA-JeALM _d250320 _umohamedma123 _n1 |
||
| 999 |
_c6551 _d6551 |
||